000 00498nam a2200193Ia 4500
005 20250326142855.0
008 250326s9999 xx 000 0 und d
037 _aTextbook
040 _aFMSL
_beng
_cFMSL
041 _aeng
_2eng
084 _aX:8 M4
_qFMSL
100 _aKoontz H
_9328988
245 0 _aManagement
_cKoontz H And Others
250 _a8
260 _aNew Delhi
_bNew Delhi, McGraw-Hill
_c1984
300 _a703p
942 _cTB
_hX:8 M4
999 _c1297053
_d1297053